000 00614nam a2200169 a 4500
008 120416s1967 ||||||||||||||||| || u
050 _aHF 1408 Pin
100 _aPincus, John A
245 1 0 _aTrade, aid and development
246 _athe rich and poor nations
260 _aNew York
_bMcGraw-Hill
_c1967
300 _axv, 400p. : ill.
350 _a0.00
650 0 _aINTERNATIONAL ECONOMIC RELATIONS--HANDBOOKS, MANUALS, E.T.C
650 0 _aECONOMICS
995 _D0.00
_FCBU-MAIN LIBRARY (Kitwe)
_H1
_I0.00
_M1
_UAVAILABLE
_ZMain Library Open Access Collection
999 _c60104
_d60104